000 00508cam a2200181 4500
001 3649
005 20181127171657.0
008 721227r19641955nyua b 000 0 eng
010 _a 64014303
100 1 _aHigman, Bryan.
245 1 0 _aApplied group-theoretic and matrix methods.
260 _aNew York :
_bDover Publications,
_c1964.
300 _axii, 454 p. :
_bill. ;
_c22 cm.
504 _aBibliography: p. [444]-448.
650 0 _aGroup theory.
650 0 _aMathematical physics.
650 0 _aMatrices.
999 _c2973
_d2973